| 000 | 00331 a2200145 4500 | ||
|---|---|---|---|
| 001 | 85013 | ||
| 082 | _a531 KLE | ||
| 090 |
_c40091 _d40090 |
||
| 100 | _aDaniel Kleppner | ||
| 245 |
_aAn Introduction to Mechanics _hEnglish |
||
| 250 | _a1st | ||
| 300 | _axviii, 926P. | ||
| 500 | _aDOS BS Reference Books | ||
| 505 | _aAHQ Books | ||
| 942 |
_aCAE NUST _k531 KLE |
||
| 999 |
_c320086 _d320086 |
||